| Поле | Инд. | ПП | Название | Значение |
|---|---|---|---|---|
| Тип записи | a | |||
| Библиографический уровень | a | |||
| 001 | Контрольный номер | RU/IS/BASE/264552114 | ||
| 005 | Дата корректировки | 20240207154556.6 | ||
| 008 | Кодируемые данные | 19981008 | ||
| 040 | 00 | e | Правила каталог. | Т 981008 |
| 084 | a | Индекс другой классификации/Индекс ББК | 63.3(0)32; 63.51 | |
| 090 | 00 | a | Полочн. индекс | 63.3(0)3я43 |
| x | Авторский знак | В 387 | ||
| 100 | 10 | a | Автор | Страбон |
| 245 | 00 | a | Заглавие | Описание Иберии |
| b | Продолж. заглавия | (Третья книга "Географии") | ||
| c | Ответственность | перевод Ф. Г. Мищенко | ||
| 650 | 04 | a | Основная рубрика | история |
| 653 | 00 | a | Ключевые слова | античность |
| a | Ключевые слова | быт | ||
| a | Ключевые слова | географическая характеристика | ||
| a | Ключевые слова | города | ||
| a | Ключевые слова | древний мир | ||
| a | Ключевые слова | Иберия | ||
| a | Ключевые слова | Испания | ||
| a | Ключевые слова | историческая география | ||
| a | Ключевые слова | исторические памятники | ||
| a | Ключевые слова | исторические свидетельства | ||
| a | Ключевые слова | климат | ||
| a | Ключевые слова | ландшафты | ||
| a | Ключевые слова | местоположение | ||
| a | Ключевые слова | моря | ||
| a | Ключевые слова | народы | ||
| a | Ключевые слова | население | ||
| a | Ключевые слова | образ жизни | ||
| a | Ключевые слова | острова | ||
| a | Ключевые слова | природные ресурсы | ||
| a | Ключевые слова | топонимика | ||
| 700 | 10 | a | Автор | Мищенко Ф. Г. |
| e | Роль лиц | переводчик | ||
| 773 | 00 | d | Дата издания источника | Москва, 1939 |
| g | Прочая информация | Т.1(6), 2(7). - С. 238-264 | ||
| t | Заглавие источника | Вестник древней истории | ||
| w | Контрольный № источника | RU/IS/BASE/101818628 | ||
| 901 | t | Тип документа | a |